000 00306nam a2200133Ia 4500
008 191201s2012 xx 000 0 und d
082 _a621.313
_bBHE
100 _aBHATTACHARYYA, SK
245 0 _aElectrical Machines
250 _aRep
260 _c2012
_bTMH
_aNEW DELHI
300 _a545
942 _2ddc
_cBK
999 _c8056
_d8056